| 000 | 01861nam a2200505 i 4500 | ||
|---|---|---|---|
| 001 | DIGOCTA0028 | ||
| 003 | NyNyDIG | ||
| 008 | 201009s2014 sp a ob 000 0 spa d | ||
| 006 | m o d | ||
| 007 | cr ||||||||||| | ||
| 035 | _a(OCoLC)899005885 | ||
| 040 |
_aDGITA _beng _erda _epn _cDGITA |
||
| 020 |
_a9788499214818 _qeBook _qpdf |
||
| 020 |
_a8499214819 _qeBook _qpdf |
||
| 020 | _z9788499214450 | ||
| 020 | _z8499214452 | ||
| 043 | _ae-sp--- | ||
| 050 | 1 | 4 | _aTJ163.2 ebook |
| 082 | 0 | 4 | _a333.79 |
| 100 | 1 |
_aSans Rovira, Ramon, _eauthor. |
|
| 245 | 1 | 3 |
_aEl colapso es evitable : _bla transición energética del siglo XXI (TE21) / _cRamon Sans Rovira, Elisa Pulla Escobar. |
| 246 | 3 | 0 | _aTransición energética del siglo XXI (TE21) |
| 250 | _aPrimera edición. | ||
| 264 | 1 |
_aBarcelona : _bOctaedro, _c[2014] |
|
| 300 |
_a1 online resource. : _billustrations. |
||
| 336 |
_atext _btxt _2rdacontent |
||
| 337 |
_acomputer _bc _2rdamedia |
||
| 338 |
_aonline resource _bcr _2rdacarrier |
||
| 347 |
_atext file _2rdaft |
||
| 347 | _bPDF | ||
| 490 | 1 |
_aCon vivencias ; _v39 |
|
| 504 | _aIncludes bibliographical references. | ||
| 588 | 0 | _aOnline resource; title from ePub title page (Digitalia, viewed October 9, 2020) | |
| 650 | 0 | _aPower resources. | |
| 650 | 0 | _aRenewable energy sources. | |
| 700 | 1 |
_aPulla Escobar, Elisa, _eauthor. |
|
| 655 | 0 | _aElectronic books. | |
| 791 | 2 |
_aDigitalia (Firm), _edistributor. |
|
| 793 | 0 |
_gDigitalia eBook Collection: _aEditorial Octaedro |
|
| 776 | 0 | 8 |
_iPrint version: _aSans Rovira, Ramon. _tColapso es evitable. _bPrimera edición impresa. _dBarcelona : Octaedro, 2013 _z9788499214450 _w(OCoLC)865471389 |
| 830 | 0 |
_aColección Con vivencias ; _v39. |
|
| 856 | 4 | 0 |
_3Digitalia Hispánica _uhttps://www.digitaliapublishing.com/a/30571/ |
| 910 | _aPremium collection: 2020 | ||
| 942 | _cRAA | ||
| 999 |
_c240600 _d240600 |
||